[Event "Parsvnath ch-Commonwealth"]
[Site "New Delhi IND"]
[Date "2007.12.03"]
[Round "2"]
[White "Shashikant,K"]
[Black "Priyanka,K"]
[Result "1-0"]
[WhiteElo "2321"]
[BlackElo "1899"]

1.e4 c5 2.Nf3 e6 3.d4 cxd4 4.Nxd4 a6 5.Nc3 Qc7 6.Bd3 Nf6 7.O-O d6 8.f4 Be7
9.Kh1 b5 10.e5 Nfd7 11.exd6 Qxd6 12.Qf3 Nb6 13.Be3 N8d7 14.Be4 Ra7 15.Nc6 Qc7
16.Nxa7 Qxa7 17.a4 b4 18.a5 bxc3 19.axb6 Nxb6 20.Qf2 Bd8 21.Rad1 Bd7 22.Bc6 Qc7
23.Bxb6 Qxc6 24.Bxd8 Kxd8 25.Qg3 Rg8 26.bxc3 Ke7 27.Qh4+ f6 28.f5 exf5 29.Qb4+ Kf7
30.Rd6 Qb5 31.Qb3+ Qxb3 32.cxb3 Be6 33.c4 Rb8 34.Re1 Bc8 35.Rd8  1-0

[Event "Parsvnath ch-Commonwealth"]
[Site "New Delhi IND"]
[Date "2007.12.04"]
[Round "3"]
[White "Abhishek,K"]
[Black "Wijesuriya,GV"]
[Result "1/2-1/2"]
[WhiteElo "2123"]
[BlackElo "1897"]

1.e4 c5 2.Nf3 e6 3.d4 cxd4 4.Nxd4 a6 5.Nc3 Qc7 6.g3 Nf6 7.Bg2 Bb4 8.Ne2 Nc6
9.O-O O-O 10.Bf4 e5 11.Bg5 Bc5 12.Bxf6 gxf6 13.Nd5 Qd8 14.Kh1 d6 15.f4 Bg4
16.fxe5 Nxe5 17.Nxf6+ Kh8 18.h3 Bf3 19.Nd5 Qd7 20.Kh2 Bxg2 21.Kxg2 f5 22.Nec3 Nc4
23.exf5 Rxf5 24.Qg4 Raf8 25.Rf4 Rxf4 26.Qxd7 Rf2+ 27.Kh1 Rf1+  1/2-1/2

[Event "Open"]
[Site "Granada ESP"]
[Date "2007.12.05"]
[Round "1"]
[White "Fernandez Garcia,JoseM"]
[Black "Damljanovic,B"]
[Result "0-1"]
[WhiteElo "2037"]
[BlackElo "2608"]

1.e4 c5 2.Nf3 e6 3.d4 cxd4 4.Nxd4 a6 5.Nc3 Qc7 6.Bd3 Bc5 7.Nb3 Be7 8.O-O Nf6
9.f4 d6 10.Qe2 Nbd7 11.Bd2 b5 12.Rae1 Bb7 13.e5 Nd5 14.Qg4 g6 15.exd6 Qxd6
16.Kh1 N5f6 17.Qe2 Rc8 18.f5 gxf5 19.Bf4 Qb6 20.Bxf5 Rg8 21.Bg3 h5 22.Bh3 b4
23.Nd1 a5 24.Bf2 Qa6 25.Qe3 Ng4 26.Qd2 Ndf6 27.Bh4 Ne4 28.Qf4 f6 29.Ne3 Bd6
30.Qf3 Ng3+ 31.Qxg3 Bxg3  0-1

[Event "Parsvnath ch-Commonwealth"]
[Site "New Delhi IND"]
[Date "2007.12.05"]
[Round "4"]
[White "Phadke,So1"]
[Black "Antonio,V"]
[Result "0-1"]
[WhiteElo "2259"]
[BlackElo "1988"]

1.e4 c5 2.Nf3 e6 3.Nc3 a6 4.d4 cxd4 5.Nxd4 b5 6.Bd3 d6 7.O-O Bb7 8.f4 Nf6
9.Qe2 Nbd7 10.Kh1 Qc7 11.Bd2 Be7 12.Rae1 g6 13.e5 Nh5 14.f5 Nxe5 15.fxe6 f6
16.Be4 O-O 17.Bxb7 Qxb7 18.Nf5 Rfe8 19.Nh6+ Kh8 20.Nf7+ Kg8 21.Bh6 Bf8 22.Bxf8 Rxf8
23.Nxd6 Qe7 24.Nf5 Qxe6 25.Nd5 Rad8 26.Nc7 Qb6 27.Ne7+ Kh8 28.Ned5 Qd6 29.g4 Ng7
30.g5 Ne6 31.Rxf6 Rxf6 32.gxf6 Nxc7 33.Nxc7 Qc6+ 34.Qe4 Rd1  0-1

[Event "Parsvnath ch-Commonwealth"]
[Site "New Delhi IND"]
[Date "2007.12.05"]
[Round "4"]
[White "Bhatt,V"]
[Black "Vaibhav,K"]
[Result "1-0"]
[WhiteElo "2095"]
[BlackElo "1864"]

1.e4 c5 2.Nf3 e6 3.d4 cxd4 4.Nxd4 a6 5.Nc3 Qc7 6.Bd3 Nf6 7.O-O b5 8.Kh1 b4
9.Nce2 Bb7 10.Ng3 h5 11.h4 Ng4 12.Qe2 Be7 13.Bg5 Bxg5 14.hxg5 Qc5 15.Ndf5 g6
16.Nh4 Qxg5 17.Nf3 Qd8 18.Rfe1 Nc6 19.Kg1 Nce5 20.Nxe5 Nxe5 21.Qe3 Qf6 22.Qb6 Bc6
23.Qxb4 h4 24.Ne2 h3 25.f4 Ng4 26.g3 g5 27.Rf1 h2+ 28.Kh1 Qg6 29.Rae1 Rh3
30.Nd4 Rxg3 31.Nxc6 dxc6 32.Qd6 gxf4 33.Qxc6+ Kf8 34.Qxa8+ Kg7 35.Qa7 Ne3
36.Qd4+ Kg8 37.e5 Rg1+ 38.Rxg1 hxg1=Q+ 39.Rxg1  1-0

[Event "Open"]
[Site "Granada ESP"]
[Date "2007.12.06"]
[Round "2"]
[White "Garrido Dominguez,J"]
[Black "Korneev,O"]
[Result "1/2-1/2"]
[WhiteElo "2343"]
[BlackElo "2587"]

1.e4 c5 2.Nf3 e6 3.d4 cxd4 4.Nxd4 a6 5.Nc3 Qc7 6.Bd3 Nf6 7.O-O Bc5 8.Nb3 Ba7
9.Qe2 d6 10.Be3 Bxe3 11.Qxe3 Nc6 12.f4 b5 13.Qg3 O-O 14.Rae1 Nb4 15.e5 dxe5
16.fxe5 Nxd3 17.cxd3 Nd7 18.d4 Bb7 19.Ne4 Bxe4 20.Rxe4 Rae8 21.Rg4 g6 22.Nd2 f6
23.Rxg6+ Kh8 24.Rg7 fxe5 25.Rff7 Rxf7 26.Rxf7 Rg8 27.Qh3 Rg7 28.Rxg7 Kxg7
29.Qxe6 exd4 30.Qg4+ Kf7 31.Qxd4 Nf6 32.h3 Qc1+ 33.Kf2 Qc2 34.a3 h5 35.g4 hxg4
36.hxg4 Nxg4+ 37.Ke2 Nf6 38.Qa7+ Kg6 39.Qxa6 Qxb2 40.Qd6 Kf7  1/2-1/2

[Event "Open"]
[Site "Granada ESP"]
[Date "2007.12.06"]
[Round "3"]
[White "Saldano,H"]
[Black "Strikovic,A"]
[Result "0-1"]
[WhiteElo "2452"]
[BlackElo "2551"]

1.e4 c5 2.Nf3 e6 3.d4 cxd4 4.Nxd4 a6 5.Nc3 b5 6.Bd3 Bb7 7.O-O Qc7 8.Qe2 Nc6
9.Nxc6 Qxc6 10.Be3 Nf6 11.a3 h5 12.f3 Bd6 13.Bd4 h4 14.e5 Bc5 15.Bxc5 Qxc5+
16.Rf2 Nh5 17.Be4 Ng3 18.hxg3 hxg3 19.Bxb7 gxf2+ 20.Qxf2 Rh1+ 21.Kxh1 Qxf2
22.Bxa8 Qxc2 23.Rb1 a5 24.Be4 Qb3 25.Kh2 Ke7 26.f4 f5 27.exf6+ gxf6 28.Bf3 b4
29.axb4 axb4 30.Nd1 Qc4 31.Kg3 e5 32.fxe5 fxe5 33.Ne3 Qf4+ 34.Kf2 Ke6 35.Rd1 e4
36.Rd4 Qh4+ 37.g3 Qf6 38.Rxe4+ Kd6 39.Rxb4 Kc5 40.Rb3 Qf7 41.Rd3 Qg7 42.Rc3+ Kb5
43.Nd5 Qd4+ 44.Ne3 Qd2+ 45.Be2+ Kb4 46.Rd3 Qxb2 47.Rxd7 Qf6+ 48.Bf3 Qb2+
49.Be2 Qf6+ 50.Kg2 Kc5 51.Rd5+ Kc6 52.Rf5 Qb2 53.Kf2 Kd7 54.g4 Ke6 55.g5 Qh8
56.Bg4 Qh4+ 57.Kf3 Qh1+ 58.Ke2 Ke7 59.g6 Qa1 60.Kf3 Qh1+ 61.Kf4 Qh6+ 62.Rg5 Kf6
63.Nd5+ Kg7 64.Bh5 Qh8 65.Rf5 Kh6 66.Nf6 Qb8+ 67.Re5 Qd6 68.Kg4 Qxe5  0-1

[Event "Open"]
[Site "Granada ESP"]
[Date "2007.12.07"]
[Round "4"]
[White "Teran Alvarez,I"]
[Black "Korneev,O"]
[Result "0-1"]
[WhiteElo "2402"]
[BlackElo "2587"]

1.e4 c5 2.Nc3 e6 3.Nf3 a6 4.d4 cxd4 5.Nxd4 Qc7 6.Bd3 Nf6 7.f4 Bc5 8.Nb3 Bb4
9.O-O d6 10.Qe1 Nbd7 11.Bd2 O-O 12.Kh1 b6 13.Qh4 Bxc3 14.Bxc3 e5 15.Rae1 a5
16.a4 Re8 17.Re3 Bb7 18.fxe5 dxe5 19.Rg3 Re6 20.Nd2 Ne8 21.Bc4 Rf6 22.Rxf6 Ndxf6
23.Rg5 Rd8 24.Bd3 Nd7 25.h3 f6 26.Rg3 Nc5 27.Bc4+ Kh8 28.b3 Nd6 29.Bd5 Bxd5
30.exd5 Nf5  0-1

[Event "Parsvnath ch-Commonwealth"]
[Site "New Delhi IND"]
[Date "2007.12.08"]
[Round "8"]
[White "Phadke,So1"]
[Black "Vaibhav,S"]
[Result "0-1"]
[WhiteElo "2259"]
[BlackElo "1969"]

1.e4 c5 2.Nf3 e6 3.Nc3 a6 4.d4 cxd4 5.Nxd4 Qc7 6.Bd3 Nf6 7.O-O Bc5 8.Nb3 Be7
9.f4 d6 10.a4 b6 11.e5 Nfd7 12.Qe2 Bb7 13.exd6 Qxd6 14.Ne4 Qc7 15.f5 e5 16.Qg4 Bf6
17.Nxf6+ Nxf6 18.Qe2 Nbd7 19.Nd2 O-O 20.Ne4 Nxe4 21.Bxe4 Bxe4 22.Qxe4 Rac8
23.Qg4 Nf6 24.Qh3 Qxc2 25.Be3 Nd5 26.f6 Nxe3 27.fxg7 Rfd8 28.Qxe3 Qc5 29.Qxc5 Rxc5
30.b4 Rc2 31.Rac1 Rxc1 32.Rxc1 Rd4 33.Rb1 Kxg7 34.Kf2 Rd2+ 35.Ke3 Rxg2 36.Ke4 f6
37.Kd5 Ra2 38.Ke6 Rxa4 39.Rb3 b5 40.Rg3+ Kf8 41.Kxf6 Rxb4 42.Rh3 Rf4+ 43.Kxe5 Rf7
44.Rh6 Ra7 45.Rb6 Kg7 46.Kd4 h5 47.Kc3 h4 48.Kd4 Kf7 49.Kc3 Kg7 50.Kd4 Kf8
51.Kc3 Kg8 52.Rh6 a5 53.Rxh4 Rh7 54.Rg4+ Kf7 55.Rg5 b4+ 56.Kb3 Rh3+ 57.Kc4 Rc3+
58.Kb5 Ra3 59.Kc4 b3 60.Kc3 a4 61.Rb5 Ra2 62.Rb4 Ke6 63.h4 Kd5 64.h5 Kc5
65.Rh4 Rc2+ 66.Kd3 a3 67.h6 Kb5 68.h7 Rc8 69.Rh5+ Kb6 70.Rh6+ Kb7 71.Rg6 a2
72.Rg7+ Kb8  0-1

[Event "Parsvnath ch-Commonwealth"]
[Site "New Delhi IND"]
[Date "2007.12.08"]
[Round "8"]
[White "Nimmy,A"]
[Black "Prathamesh,S"]
[Result "0-1"]
[WhiteElo "2196"]
[BlackElo "2371"]

1.e4 c5 2.Nf3 e6 3.d4 cxd4 4.Nxd4 a6 5.Nc3 b5 6.a3 Bb7 7.Be2 d6 8.O-O Nf6
9.Qe1 g6 10.Bf3 e5 11.Nb3 Bg7 12.Bg5 Nbd7 13.Rd1 h6 14.Be3 Qc7 15.Qd2 Bf8
16.g3 Rc8 17.h3 Nb6 18.Bxb6 Qxb6 19.Bg2 Be7 20.Kh2 Kf8 21.f4 Kg7 22.f5 h5
23.Qf2 Qxf2 24.Rxf2 Rxc3 25.bxc3 Bxe4 26.fxg6 Bxg2 27.Kxg2 Kxg6 28.Ra1 Rc8
29.a4 Ne4 30.Rf3 Nxc3 31.axb5 axb5 32.Ra7 Bf6 33.Ra6 Ne4 34.Ra2 d5 35.Kf1 Bg5
36.h4 Bh6 37.Ke1 f6 38.Kf1 Rc4 39.Kg2 d4 40.Na5 Rc7 41.Rb2 Nc3 42.Rd3 Bf8
43.Rb3 Kf5 44.Rf3+ Ke6 45.Kh3 f5 46.Rf1 e4 47.Kg2 Bd6 48.Rb2 Rg7 49.Nc6 Rxg3+
50.Kf2 e3+ 51.Ke1 Kd5 52.Nb4+ Ke4 53.Na2 Rg2 54.Nxc3+ dxc3 55.Rxb5 Bg3+  0-1

[Event "TCh-HUN 2007-8"]
[Site "Budapest HUN"]
[Date "2007.12.09"]
[Round "4"]
[White "Tatar Kis,S"]
[Black "Balog,M"]
[Result "1/2-1/2"]
[WhiteElo "2375"]
[BlackElo "2288"]

1.e4 c5 2.Nf3 e6 3.d4 cxd4 4.Nxd4 a6 5.Nc3 b5 6.Bd3 Qb6 7.Nf3 Nc6 8.O-O Qb8
9.Re1 Bd6 10.Qe2 Ne5 11.Nxe5 Bxe5 12.Qh5 Ne7 13.f4 Bxf4 14.Rf1 Qe5 15.Qf3 Bxc1
16.Qxf7+ Kd8 17.Raxc1 Ng6 18.Qf2 Bb7 19.a4 Bc6 20.axb5 axb5 21.Bxb5 Bxb5
22.Qb6+ Ke7 23.Qxb5 Qxb5 24.Nxb5 Ra4 25.Nc3 Rb4 26.b3 Rc8 27.Rf3 Ne5 28.Rg3 g6
29.Re1 Rb7 30.h3  1/2-1/2

[Event "Parsvnath ch-Commonwealth"]
[Site "New Delhi IND"]
[Date "2007.12.09"]
[Round "9"]
[White "Ramaswamy,A"]
[Black "Amrutha,M"]
[Result "1/2-1/2"]
[WhiteElo "2317"]
[BlackElo "2159"]

1.e4 c5 2.Nf3 e6 3.d4 cxd4 4.Nxd4 a6 5.Nc3 b5 6.Bd3 d6 7.O-O Nf6 8.a4 b4
9.Na2 Bb7 10.Qe1 a5 11.c3 bxc3 12.Nxc3 Be7 13.Bb5+ Nbd7 14.Nc6 Bxc6 15.Bxc6 Rc8
16.Bb5 O-O 17.Be3 Nc5 18.f3 Qc7 19.Rd1 Rfd8 20.Kh1 d5 21.exd5  1/2-1/2

[Event "Parsvnath ch-Commonwealth"]
[Site "New Delhi IND"]
[Date "2007.12.09"]
[Round "9"]
[White "Dhara,G"]
[Black "Uthra,P"]
[Result "0-1"]
[WhiteElo "1858"]
[BlackElo "2055"]

1.e4 c5 2.Nf3 e6 3.d4 cxd4 4.Nxd4 a6 5.Nc3 Qc7 6.Be2 Nf6 7.O-O Be7 8.Be3 O-O
9.a3 Nc6 10.Kh1 b5 11.f4 Nxd4 12.Bxd4 d6 13.Bf3 e5 14.fxe5 dxe5 15.Be3 Bb7
16.Qe2 b4 17.axb4 Bxb4 18.Bd2 a5 19.Rfc1 Rfd8 20.Nb5 Qd7 21.Bxb4 axb4 22.Rxa8 Bxa8
23.c3 Bc6 24.c4 Qd2 25.Rd1 Qxd1+ 26.Qxd1 Rxd1+ 27.Bxd1 Bxe4 28.Nd6 Bc6 29.Kg1 Kf8
30.Nf5 g6 31.Ne3 Ke7 32.Nc2 Ba4 33.Ne3 Bxd1 34.Nxd1 Kd6 35.Kf1 Kc5 36.Ne3 Kd4
37.Ke2 Ne4 38.g4 Nd6 39.Kf3 f5 40.g5 Nxc4 41.Nxc4 Kxc4 42.Ke3 Kd5 43.h4 e4
44.Ke2 f4 45.Kd2 Kd4 46.Ke2 e3 47.h5 gxh5 48.Kd1 f3 49.g6 hxg6 50.Ke1 f2+  0-1

[Event "Parsvnath ch-Commonwealth"]
[Site "New Delhi IND"]
[Date "2007.12.10"]
[Round "10"]
[White "Harris,R"]
[Black "Antonio,V"]
[Result "0-1"]
[WhiteElo "1819"]
[BlackElo "1988"]

1.e4 c5 2.Nf3 e6 3.d4 cxd4 4.Nxd4 a6 5.Nc3 b5 6.Be3 Qc7 7.Qd3 Bb7 8.f3 Nf6
9.Be2 Be7 10.O-O b4 11.Na4 d5 12.exd5 Nxd5 13.c3 Qa5 14.Bd1 bxc3 15.Nxc3 Nxe3
16.Qxe3 Bc5 17.Kh1 Qb6 18.Na4 Bxd4 19.Nxb6 Bxe3 20.Nxa8 Bxa8 21.Re1 Bg5 22.Ba4+ Ke7
23.Rad1 Nc6 24.Bc2 Bh4 25.Re4 Bf6 26.Ra4 a5 27.b3 Bb7 28.Be4 Ra8 29.Rc4 Ra6
30.Rdc1 Kd6 31.Rd1+ Kc7 32.Rdc1 Bg5 33.R1c2 f5 34.Bd3 Kd6 35.f4 Bf6 36.Rd2 Ke7
37.Rc5 Rb6 38.Rd1 Kf7 39.Bc4 Nb4  0-1

[Event "XVII Magistral"]
[Site "Elgoibar ESP"]
[Date "2007.12.11"]
[Round "3"]
[White "Gonzalez de la Torre,S"]
[Black "Korneev,O"]
[Result "0-1"]
[WhiteElo "2399"]
[BlackElo "2587"]

1.e4 c5 2.Nf3 e6 3.d4 cxd4 4.Nxd4 a6 5.Nc3 Qc7 6.Bd3 Nf6 7.O-O Bc5 8.Nb3 Be7
9.f4 d6 10.Qe2 Nbd7 11.Bd2 b5 12.Rae1 b4 13.Nd1 Bb7 14.e5 Nd5 15.Kh1 O-O
16.c4 bxc3 17.Nxc3 g6 18.Rc1 Qb8 19.Na5 Nxc3 20.Bxc3 Bd5 21.Be4 Bxe4 22.Qxe4 d5
23.Qf3 Qb5 24.Nb3 Nc5 25.Nxc5 Bxc5 26.f5 d4 27.Bd2 exf5 28.Bg5 Rac8 29.Bf6 Rfe8
30.Qf4 d3 31.h3 Bf8 32.Qd4 Bh6 33.a4 Rxc1 34.Rxc1 d2 35.Rg1 Qc6 36.Qd6 Qxd6
37.exd6 Re1  0-1

[Event "KNSB TCh-NED 2007-8"]
[Site "Netherlands NED"]
[Date "2007.12.15"]
[Round "5"]
[White "Nijboer,F"]
[Black "Lemmers,O"]
[Result "1/2-1/2"]
[WhiteElo "2559"]
[BlackElo "2390"]

1.e4 c5 2.Nf3 e6 3.Nc3 a6 4.d4 cxd4 5.Nxd4 Qc7 6.Be2 Nf6 7.O-O Nc6 8.a4 Nxd4
9.Qxd4 Bc5 10.Qd3 b6 11.Bf3 Qe5 12.Ne2 Qc7 13.e5 Nd5 14.Bxd5 exd5 15.Bf4 Qc6
16.Nd4 Bxd4 17.Qxd4 Bb7 18.Ra3 Qc4 19.Qd2 Rc8 20.Rc1 Rc6 21.Rg3 Rg6 22.b3 Qe4
23.Re1 Qf5 24.Be3 O-O 25.Rxg6 Qxg6 26.Bd4 Rc8 27.c3 Rc6 28.h3 h6 29.b4 Qf5
30.g4 Rg6 31.Kh2 Qf3 32.Qe3 Qxe3 33.Rxe3 Bc6 34.a5 bxa5 35.bxa5 d6 36.exd6 Rxd6
37.Re7 Re6 38.Ra7 Bb5 39.f4 f6 40.Kg3 Re8 41.g5 hxg5 42.fxg5 Rd8 43.gxf6 gxf6
44.Bxf6 Rd7 45.Ra8+ Kf7 46.Bd4 Ke6 47.Rg8 Rf7 48.Rg5 Bd3 49.h4 Rb7 50.Re5+ Kd6
51.Re3 Bg6 52.Kf4 Rh7 53.Kg5 Bf7 54.Re1 Rh5+ 55.Kf6 Bg8 56.Re8 Bh7 57.Rh8 Rxh4
58.Kg7 Kc6 59.Rxh7 Rxh7+ 60.Kxh7 Kb5 61.Kg6 Kxa5 62.Kf5 Kb5 63.Kf4 Kc4 64.Ke3 a5
65.Kd2 Kb3 66.Kc1 a4 67.Kb1 a3 68.Ka1 a2 69.Be5 Ka3 70.Bd4  1/2-1/2

[Event "ch-Hafnarfjordur"]
[Site "Reykjavik ISL"]
[Date "2007.12.15"]
[Round "4"]
[White "Sigurjonsson,Si"]
[Black "Benediktsson,T"]
[Result "1-0"]
[WhiteElo "1902"]
[BlackElo "1956"]

1.e4 c5 2.Nf3 e6 3.d4 cxd4 4.Nxd4 a6 5.Nc3 Qc7 6.Bd3 Nf6 7.O-O Bc5 8.Be3 O-O
9.Kh1 b5 10.a3 Bb7 11.f4 d5 12.e5 Ne4 13.Qh5 g6 14.Qg4 Qb6 15.Nce2 h5 16.Qh3 Nc6
17.c3 Rad8 18.g4 hxg4 19.Qxg4 Ne7 20.Rf3 Kg7 21.b4 Bxd4 22.Bxd4 Qc7 23.Rg1 Rh8
24.Ng3 Rdg8 25.f5 exf5 26.Nxf5+ Nxf5 27.Qxf5 Bc8 28.e6+ Kf8 29.e7+  1-0

[Event "7th Amplico AIG Life"]
[Site "Warsaw POL"]
[Date "2007.12.15"]
[Round "1"]
[White "Szumanski,K"]
[Black "Gajewski,G"]
[Result "0-1"]
[WhiteElo "1851"]
[BlackElo "2573"]

1.e4 c5 2.Nf3 e6 3.d4 cxd4 4.Nxd4 a6 5.Nc3 b5 6.Be3 Bb7 7.f3 Nf6 8.Qd2 b4
9.Na4 d5 10.e5 Nfd7 11.f4 Nc6 12.Be2 Nxd4 13.Qxd4 Bc6 14.b3 Bxa4 15.bxa4 Bc5
16.Qd3 Qb6 17.Bxc5 Nxc5 18.Qg3 O-O 19.Bd3 Nxa4 20.Rf1 f5 21.exf6 Rxf6 22.Kd2 Rc8
23.Rae1 Qd4 24.Qh3 Rxc2+ 25.Kxc2 Qb2+  0-1

[Event "7th Amplico AIG Life"]
[Site "Warsaw POL"]
[Date "2007.12.15"]
[Round "1"]
[White "Gluszko,M"]
[Black "Felgaer,R"]
[Result "0-1"]
[WhiteElo "1823"]
[BlackElo "2539"]

1.e4 c5 2.Nf3 e6 3.d4 cxd4 4.Nxd4 a6 5.Nc3 b5 6.Bd3 Qb6 7.Be3 Bc5 8.Nce2 Nf6
9.c3 Ng4 10.O-O Nc6 11.b4 Nxe3 12.fxe3 Be7 13.Qe1 Ne5 14.Bc2 O-O 15.Qg3 Ng6
16.Rad1 d6 17.Nf5 exf5 18.exf5 Bh4 19.Rxd6 Qc7 20.Qf3 Bb7 21.Qh5 Qxd6 22.fxg6 fxg6
23.Qxh4 Rxf1+ 24.Kxf1 Qf6+ 25.Qf4 Bd5 26.a3 Bc4 27.Qxf6 gxf6 28.Kf2 Rc8 29.Nd4 Bf7
30.Ne2 Bc4 31.Nd4 Bd5 32.Ne2 Kg7 33.Kg3 f5 34.Kf2 Kf6 35.g3 Ke5 36.Bb1 Be4
37.Ba2 Bd3 38.Nf4 Rxc3  0-1

[Event "7th Amplico AIG Life"]
[Site "Warsaw POL"]
[Date "2007.12.15"]
[Round "4"]
[White "Shkuran,D"]
[Black "Markowski,T"]
[Result "0-1"]
[WhiteElo "2429"]
[BlackElo "2584"]

1.e4 c5 2.Nf3 e6 3.d4 cxd4 4.Nxd4 a6 5.Nc3 b5 6.a3 d6 7.g3 Bb7 8.Bg2 Nf6
9.O-O Qc7 10.f4 Be7 11.g4 Nc6 12.g5 Nd7 13.f5 Nxd4 14.Qxd4 Qc5 15.Qxc5 Nxc5
16.Bf4 Rc8 17.Rad1 e5 18.Be3 Nd7 19.Rd2 h6 20.h4 hxg5 21.hxg5 Rh5 22.Rfd1 Bxg5
23.Bxg5 Rxg5 24.Rxd6 Nf6 25.Kf2 Ke7 26.Rb6 Rc7 27.Bf3 Nd7 28.Rbd6 Nc5 29.R6d2 Nd7
30.Ne2 Nf6 31.Nc3 Rxc3 32.bxc3 Bxe4 33.Ke2 Bxf5 34.Rd6 e4 35.Rxa6 exf3+ 36.Kf2 Be4
37.a4 bxa4 38.Rxa4 Rg2+ 39.Ke3 Re2+ 40.Kf4 Nd5+  0-1

[Event "7th Amplico AIG Life"]
[Site "Warsaw POL"]
[Date "2007.12.15"]
[Round "4"]
[White "Jakubowski,K"]
[Black "Kempinski,T"]
[Result "1-0"]
[WhiteElo "2458"]
[BlackElo "2259"]

1.e4 c5 2.Nf3 e6 3.d4 cxd4 4.Nxd4 a6 5.Nc3 b5 6.Bd3 Qb6 7.Nb3 Qc7 8.Qe2 Nc6
9.O-O Bb7 10.f4 Na5 11.Kh1 Nf6 12.Nxa5 Qxa5 13.e5 Nd5 14.Nxd5 Bxd5 15.f5 Be7
16.Qg4 g6 17.f6 Bc5 18.a4 b4 19.Bh6 Qc7 20.Rfe1 d6 21.exd6 Bxd6 22.Be4 Bxe4
23.Rxe4 e5 24.Rae1 Qd7 25.Qf3 O-O-O 26.c3 a5 27.cxb4 Bxb4 28.Rc1+ Kb8 29.Rxe5 Rc8
30.Rb5+ Ka7 31.Be3+  1-0

[Event "7th Amplico AIG Life"]
[Site "Warsaw POL"]
[Date "2007.12.15"]
[Round "5"]
[White "Luksik,M"]
[Black "Truskavetsky,A"]
[Result "0-1"]
[WhiteElo "2175"]
[BlackElo "2398"]

1.e4 c5 2.Nc3 e6 3.Nf3 a6 4.d4 cxd4 5.Nxd4 b5 6.Bd3 Qb6 7.Be3 Bc5 8.Nce2 Nf6
9.c3 Ng4 10.Bd2 e5 11.b4 Be7 12.Ng3 d6 13.Ngf5 Bxf5 14.exf5 Nxf2 15.Kxf2 exd4
16.cxd4 O-O 17.Be3 Nd7 18.Qf3 Bf6 19.Qd5 Rac8 20.Rhc1 Rfe8 21.Rxc8 Rxc8 22.a4 Rc3
23.Ke2 Qc7 24.Qa8+ Nf8 25.axb5 Rb3 26.Qc6 Qe7 27.bxa6 Bxd4 28.Qc1 Ba7 29.Kf2 Rxd3
30.Bxa7 Qxa7+ 31.Kf1 Rd5 32.Qc8 g6 33.g4 Rd2  0-1

[Event "7th Amplico AIG Life"]
[Site "Warsaw POL"]
[Date "2007.12.15"]
[Round "8"]
[White "Przybylski,W"]
[Black "Flores,Di"]
[Result "1-0"]
[WhiteElo "2395"]
[BlackElo "2566"]

1.e4 c5 2.Nf3 e6 3.d4 cxd4 4.Nxd4 a6 5.Nc3 b5 6.Bd3 Bb7 7.O-O Qc7 8.Qe2 Bd6
9.h3 Ne7 10.a4 b4 11.Nd1 O-O 12.Ne3 Ng6 13.Nc4 Bh2+ 14.Kh1 Bf4 15.Bd2 d5
16.exd5 Bxd5 17.Bxb4 Qb7 18.Bxf8 Bxg2+ 19.Kg1 Kxf8 20.Rfe1 Bxh3 21.Be4 Qe7
22.Qh5 Nh4 23.Nf3 Nxf3+ 24.Bxf3 Bf5 25.Bxa8 Qc7 26.Ne3 Bg6 27.Qh4 Nd7 28.Ng2 Bd6
29.Rad1 Bc5 30.Qf4 e5 31.Rxd7 Qxd7 32.Qxe5 Bd6 33.Qd5 Bxc2 34.Bc6 Bh2+ 35.Kxh2 Qc7+
36.Qe5  1-0

[Event "TCh-HUN 2007-8"]
[Site "Budapest HUN"]
[Date "2007.12.16"]
[Round "5"]
[White "Veszpremi,A"]
[Black "Szekeres,R"]
[Result "1-0"]
[WhiteElo "2156"]
[BlackElo "2238"]

1.e4 c5 2.Nf3 e6 3.d4 cxd4 4.Nxd4 a6 5.Nc3 Qc7 6.a3 Nc6 7.Be3 Nf6 8.Bd3 Ne5
9.Be2 b5 10.O-O Bc5 11.f4 Nc6 12.e5 Qa7 13.Nxc6 Bxe3+ 14.Kh1 dxc6 15.exf6 gxf6
16.Bf3 Qc7 17.Ne4 f5 18.Nd6+ Kf8 19.Bh5 h6 20.Qd3 Rh7 21.Nxc8 Bxf4 22.Rxf4 Qxf4
23.Qd8+ Kg7 24.Qd7 Qg5 25.Bxf7 Rxc8 26.Bxe6+  1-0

[Event "7th Amplico AIG Life"]
[Site "Warsaw POL"]
[Date "2007.12.16"]
[Round "9"]
[White "Kogan,Ar"]
[Black "Solys,L"]
[Result "1-0"]
[WhiteElo "2590"]
[BlackElo "2304"]

1.e4 c5 2.Nf3 e6 3.Nc3 a6 4.d4 cxd4 5.Nxd4 Qc7 6.Bd3 Nc6 7.Nxc6 dxc6 8.O-O e5
9.f4 Nf6 10.Qe1 Bd6 11.f5 h6 12.a4 Bc5+ 13.Kh1 Bd4 14.Qg3 Rg8 15.a5 Qe7 16.Qf3 Bd7
17.Na4 g5 18.Nb6 Bxb6 19.axb6 c5 20.b3 Bc6 21.Ba3 Rd8 22.Qe3 Rd4 23.c3 Rd8
24.Rad1 Nd7 25.Bc4 Nxb6 26.Bxc5 Nxc4 27.bxc4 Qf6 28.Bb4 g4 29.Qc5 g3 30.Rxd8+ Kxd8
31.Qa7 Qg5 32.Qb8+  1-0

[Event "7th Amplico AIG Life"]
[Site "Warsaw POL"]
[Date "2007.12.16"]
[Round "9"]
[White "Zawadzka,J"]
[Black "Flores,Di"]
[Result "0-1"]
[WhiteElo "2371"]
[BlackElo "2566"]

1.e4 c5 2.Nf3 e6 3.d4 cxd4 4.Nxd4 a6 5.Nc3 Qc7 6.Bd3 Bd6 7.Be3 Nf6 8.h3 b5
9.Bxb5 Bb4 10.Bd3 Bxc3+ 11.bxc3 Qxc3+ 12.Ke2 Nc6 13.Nb3 d5 14.Bd2 Nxe4 15.Bxe4 Qe5
16.Re1 Qxe4+ 17.Kf1 Qc4+ 18.Kg1 O-O 19.Re3 Ne7 20.Rc3 Qb5 21.Nd4 Qd7 22.Qe2 Ng6
23.f4 Rb8 24.Rg3 Qc7 25.Qf2 f6 26.Rc3 Qd7 27.Nc6 Rb7 28.Qc5 Rb5 29.Qd4 Qd6
30.a4 Rb7 31.Rc5 Rc7 32.Bb4 Qxf4 33.Qxf4 Nxf4 34.Nd4 Rff7 35.Rb1 e5 36.Nf3 Bf5
37.Rb2 Rxc5 38.Bxc5 Rc7 39.Rb8+ Rc8 40.Rxc8+ Bxc8 41.Kf2 Bf5 42.Ne1 Bxc2
43.a5 Be4 44.h4 Kf7 45.g3 Ne6 46.Bb6 d4 47.Ke2 Ke7 48.Kd2 Kd6 49.Ba7 Kd5
50.Bb6 Nc5 51.Bd8 Kc4 52.Bb6 Nb3+ 53.Ke2 d3+ 54.Kd1 d2  0-1

[Event "Open A"]
[Site "Zadar CRO"]
[Date "2007.12.16"]
[Round "1"]
[White "Zufic,M"]
[Black "Titz,Hei"]
[Result "1-0"]
[WhiteElo "2452"]
[BlackElo "2223"]

1.e4 c5 2.Nf3 e6 3.d4 cxd4 4.Nxd4 a6 5.Nc3 b5 6.Bd3 Qb6 7.Nf3 d6 8.O-O Nf6
9.a4 b4 10.a5 Qc7 11.Na4 Nbd7 12.Be3 Bb7 13.Nb6 Nxb6 14.Bxb6 Qb8 15.c3 bxc3
16.Qa4+ Nd7 17.Rac1 Be7 18.Rxc3 Bd8 19.Rfc1 Ke7 20.Bc7 Bxc7 21.Rxc7 Rd8 22.Ng5 Bc8
23.e5 h6 24.exd6+ Kf8 25.Qe4 hxg5 26.Qh7  1-0

[Event "Open A"]
[Site "Zadar CRO"]
[Date "2007.12.16"]
[Round "1"]
[White "Majeric,Z"]
[Black "Cvitan,O"]
[Result "0-1"]
[WhiteElo "2345"]
[BlackElo "2543"]

1.e4 c5 2.Nf3 e6 3.d4 cxd4 4.Nxd4 a6 5.Nc3 d6 6.g3 Nf6 7.Bg2 Be7 8.O-O Qc7
9.Be3 O-O 10.g4 Nc6 11.Nxc6 bxc6 12.g5 Nd7 13.f4 Re8 14.Rf3 Rb8 15.b3 Bf8
16.Rh3 g6 17.Kh1 Bg7 18.Qe1 Nf8 19.Rg3 e5 20.Rd1 exf4 21.Bxf4 Be5 22.Bxe5 dxe5
23.Bh3 Bxh3 24.Rxh3 Rbd8 25.Rdd3 Qe7 26.Qg3 Rxd3 27.cxd3 Qc5 28.Qe1 Ne6 29.Rg3 Rd8
30.Nd1 Qc1 31.Qg1 Nf4 32.Nf2 Qb2 33.Qf1 Qxa2 34.Ng4 Qb2 35.Rf3 a5 36.Nxe5 Qxe5
37.Rxf4 Rd7 38.h4 Qc3 39.Rf3 Qxb3 40.d4 Qb4 41.Rd3 Rxd4 42.Rxd4 Qxd4 43.Qe1  0-1

[Event "XX Carlos Torre Magistral"]
[Site "Merida MEX"]
[Date "2007.12.17"]
[Round "4"]
[White "Ancheyta Tejas,J"]
[Black "Blanco Fernandez,A"]
[Result "0-1"]
[WhiteElo "2140"]
[BlackElo "2331"]

1.e4 c5 2.Nf3 e6 3.d4 cxd4 4.Nxd4 a6 5.Nc3 Qc7 6.Be3 Nf6 7.a3 Be7 8.Bd3 Nc6
9.Qe2 O-O 10.O-O d6 11.Kh1 Nd7 12.f4 Bf6 13.Nxc6 bxc6 14.e5 dxe5 15.Ne4 Be7
16.Ng5 Bxg5 17.fxg5 f5 18.gxf6 Nxf6 19.Bc5 Rf7 20.Rad1 Kh8 21.Bc4 e4 22.Rd6 a5
23.Rxe6 Bxe6 24.Bxe6 Re7 25.Bxe7 Qxe7 26.Bc4 Qe5 27.b3 Re8 28.Qe3 Qxh2+ 29.Kxh2 Ng4+
30.Kg1 Nxe3 31.Bf7 Re7 32.Rf2 g6 33.b4 axb4 34.axb4 Rd7 35.Be6 Rd6 36.Bc8 Rd1+
37.Kh2 Nd5 38.Re2 Rd4 39.Bb7 Rc4 40.Ba6 Rxb4 41.c4 Nc7  0-1

[Event "ch-RSA"]
[Site "Milnerton RSA"]
[Date "2007.12.17"]
[Round "6"]
[White "Kobese,W"]
[Black "Steel,H"]
[Result "0-1"]
[WhiteElo "2389"]
[BlackElo "2241"]

1.e4 c5 2.Nf3 e6 3.d4 cxd4 4.Nxd4 a6 5.Nc3 Qc7 6.Bd3 b5 7.O-O Bb7 8.Re1 d6
9.Bg5 Nd7 10.Qh5 g6 11.Qh3 e5 12.Nd5 Bxd5 13.exd5 Be7 14.Nf3 Nc5 15.Bf1 Nf6
16.Rad1 Nh5 17.Bh6 Bf8 18.Bg5 Be7 19.Bh6 Bf8 20.Bc1 Bg7 21.Nd4 O-O 22.Nf5 Qd7
23.b4 Qxf5 24.Qxf5 gxf5 25.bxc5 dxc5 26.Bg5 Rfe8 27.d6 Bf6 28.Bxf6 Nxf6 29.d7 Red8
30.Rxe5 Rxd7 31.Rxd7 Nxd7 32.Rd5 Ra7 33.Bd3 c4 34.Bxf5 Nb6 35.Rd6 Na4 36.h4 Nc3
37.h5 Ra8 38.Rh6 a5 39.Rxh7 Ne2+ 40.Kh2 Nd4 41.Bg6 fxg6 42.hxg6 Ra6 43.Rd7 Nxc2
44.g4 b4 45.f4 Rxg6 46.Kg3 b3 47.axb3 cxb3 48.f5 b2 49.Rd8+ Kg7 50.Rd7+ Kh8
51.fxg6 b1=Q 52.Kh4 Ne3 53.Re7 Qxg6  0-1

[Event "XX Carlos Torre Magistral"]
[Site "Merida MEX"]
[Date "2007.12.18"]
[Round "6"]
[White "Gonzalez Chavez,E"]
[Black "Sanchez Enriquez,O"]
[Result "0-1"]
[WhiteElo "2093"]
[BlackElo "2253"]

1.e4 c5 2.Nf3 e6 3.d4 cxd4 4.Nxd4 a6 5.Nc3 b5 6.a3 Bb7 7.Bd3 Qb6 8.Nb3 d6
9.O-O Nf6 10.Kh1 Nbd7 11.Be3 Qc7 12.f4 Be7 13.Qe1 h5 14.Qg3 h4 15.Qh3 g6
16.Rae1 Nh5 17.Be2 O-O-O 18.Bxh5 Rxh5 19.Nd4 Kb8 20.Nf3 Nc5 21.e5 Ka8 22.Rd1 Rhh8
23.b4 Ne4 24.Nxe4 Bxe4 25.exd6 Rxd6 26.Rc1 Bf5 27.g4 Be4 28.Kg1 Rhd8 29.Ne5 Qc3
30.Nd3 R6d7 31.Rfd1 Bb7 32.Kf2 g5 33.fxg5 e5 34.Bd2 Qd4+ 35.Be3 Qe4 36.Re1 Rxd3
37.cxd3 Rxd3 38.Rc7 Bxg5 39.Rc5 Rxa3 40.Re2 Bxe3+  0-1